Countries With Least Chances Of Disasters - Statistics

General Stats
  • This quiz has been taken 61 times
  • The average score is 3 of 10
Answer Stats
Answer % Correct
Sweden
68%
Iceland
50%
Qatar
32%
Saudi Arabia
27%
United Arab Emirates
27%
Bahrain
25%
Malta
18%
Kiribati
5%
Barbados
4%
Grenada
0%
No matching quizzes found
Score Distribution
Percent of People with Each Score
Percentile by Number Answered
Your Score History
You have not taken this quiz